Statistics: (Record no. 190821)

MARC details
000 -LEADER
fixed length control field 00557nam a22001937a 4500
005 - DATE AND TIME OF LATEST TRANSACTION
control field 20220805142417.0
010 ## - LCCN (DPL NO)
LC control number ENG-134313
020 ## - INTERNATIONAL STANDARD BOOK NUMBER
International Standard Book Number 9789387162211
Terms of availability 325.00
035 ## - SYSTEM CONTROL NUMBER
System control number EN-117845
037 ## - SOURCE OF ACQUISITION
Source of stock number/acquisition DBAD/PUB
082 ## - DEWEY DECIMAL CLASSIFICATION NUMBER
Classification number 658.612
100 ## - MAIN ENTRY--PERSONAL NAME
Personal name Das, J.K.
245 ## - TITLE STATEMENT
Title Statistics:
Remainder of title For Business Decisions/
Statement of responsibility, etc J.K. Das
250 ## - EDITION STATEMENT
Edition statement Fourth Edition
260 ## - PUBLICATION, DISTRIBUTION, ETC. (IMPRINT)
Place of publication, distribution, etc Kolkata
Name of publisher, distributor, etc Academic Publishers
Date of publication, distribution, etc 2019
270 ## - ADDRESS
Address 5A, Bhawani Dutta Lane
City Kolkata
Postal code 700073
300 ## - PHYSICAL DESCRIPTION
Extent xii, 391p.
Other physical details Index
Dimensions 24cm(pbk)
942 ## - ADDED ENTRY ELEMENTS (KOHA)
Source of classification or shelving scheme Dewey Decimal Classification
Item type English Books
Classification part 658.612
Call number suffix DAS
Holdings
Withdrawn status Lost status Not for loan Collection code Home library Current library Date acquired Source of acquisition Cost, normal purchase price Full call number Barcode Copy number Cost, replacement price Koha item type
      Non-fiction Bawana Bawana 05/08/2022 DBAD/PUB 325.00 658.612 DAS EN-117845 1 325.00 English Books

© Delhi Public Library
Hit Counter
free hit counter